000 00328 a2200157 4500
001 190619
020 _a978-85-260-1883-9
040 _cMagnum
100 _aBandeira, Manuel
240 1 0 _aPara querer bem
_lpor
245 1 0 _aPara querer bem
300 _a117
362 0 _a2013
697 _aLITERATURA GERAL
942 _cBK
999 _c190619
_d190619